Kvalita podnikateľského prostredia na Slovensku a bariéry v podnikaní bakalárska práca

Na minha lista:
Detalhes bibliográficos
Autor principal: Majherová, Lucia
Autor Corporativo: Podnikovohospodárska fakulta EU so sídlom v Košiciach. Katedra obchodného podnikania
Outros Autores: Gontkovičová, Barbora, 1986-
Formato: Livro
Idioma:eslovaco
Publicado em: Košice 2017
Tags: Adicionar Tag
Sem tags, seja o primeiro a adicionar uma tag!

MARC

LEADER 00000nbm a2200000 4500
001 0231643
005 20171113111113.0
041 0 |a slo 
044 |a SK 
245 1 0 |a Kvalita podnikateľského prostredia na Slovensku a bariéry v podnikaní  |b bakalárska práca  |c Lucia Majherová ; školiteľ: Barbora Gontkovičová 
264 1 |a Košice  |c 2017 
300 |a 54 s. 
100 1 |a Majherová, Lucia 
700 1 |a Gontkovičová, Barbora, 1986- 
710 2 |a Podnikovohospodárska fakulta EU so sídlom v Košiciach. Katedra obchodného podnikania